ნორმალური ფორმატი
MARC ფორმატი
ჩანაწერი Personal Name
ჩანაწერთა რაოდენობა, რომელიც გამოყენებულია: 1
001 - CONTROL NUMBER
- control field: 5609
003 - CONTROL NUMBER IDENTIFIER
- control field: GE_BSU
005 - DATE AND TIME OF LATEST TRANSACTION
- control field: 20191129112040.0
008 - FIXED-LENGTH DATA ELEMENTS
- fixed length control field: 191129|| aca||aabn | a|a d
040 ## - CATALOGING SOURCE
- Original cataloging agency: GE_BSU
- Transcribing agency: GE_BSU
100 ## - HEADING--PERSONAL NAME
- Personal name: Chernyshenko, S.V.
670 ## - SOURCE DATA FOUND
- Source citation: Work cat.: (GE_BSU)39742: Chernyshenko, S.V. , Tempus. Integrated university management system:eu experience on nis countries' Ground.
